[Event "AUT-ch U12 Girls"]
[Site "St Georgen"]
[Date "2007.??.??"]
[Round "2"]
[White "Tarmastin, Laura"]
[Black "Teufl, Franziska"]
[Result "1-0"]
[WhiteElo "1487"]
[BlackElo "1209"]
[PlyCount "41"]
[EventDate "2007.05.??"]
[EventType "swiss"]
[EventRounds "7"]
[EventCountry "AUT"]
[SourceTitle "EXT 2008"]
[Source "ChessBase"]
[SourceDate "2007.11.25"]
[SourceVersion "1"]
[SourceVersionDate "2007.11.25"]
[SourceQuality "1"]

1. e4 c5 2. Nf3 Nc6 3. Bb5 d6 4. Nc3 e5 5. d3 Nf6 6. Bd2 Bd7 7. 0-0 Be7 8. h3 0-0 9. Nh2 a6 10. Bxc6 Bxc6 11. f4 Qc8 12. f5 Bd7 13. Qf3 h6 14. Qg3 Nh5 15. Qf3 Nf6 16. Ng4 Nh5 17. Nxh6+ gxh6 18. Qxh5 Bf6 19. Bxh6 Bg7 20. Qg5 f6 21. Qxg7# 1-0

[Event "AUT-ch U12 Girls"]
[Site "St Georgen"]
[Date "2007.??.??"]
[Round "5"]
[White "Zoehrer, Sarah"]
[Black "Teufl, Franziska"]
[Result "1/2-1/2"]
[WhiteElo "1496"]
[BlackElo "1209"]
[PlyCount "101"]
[EventDate "2007.05.??"]
[EventType "swiss"]
[EventRounds "7"]
[EventCountry "AUT"]
[SourceTitle "EXT 2008"]
[Source "ChessBase"]
[SourceDate "2007.11.25"]
[SourceVersion "1"]
[SourceVersionDate "2007.11.25"]
[SourceQuality "1"]

1. e4 e5 2. Nf3 Nc6 3. Bc4 Bc5 4. c3 Qf6 5. 0-0 d6 6. b4 Bb6 7. a4 a6 8. Be2 Qg6 9. Kh1 Qxe4 10. d3 Qg6 11. Qd2 Nf6 12. Qg5 Qxg5 13. Bxg5 Nd5 14. Rd1 Bxf2 15. d4 Nb6 16. Rf1 Bxd4 17. cxd4 exd4 18. b5 axb5 19. Bxb5 f6 20. Bd2 Bd7 21. Bxc6 Bxc6 22. Nxd4 Bxa4 23. Nc3 0-0 24. Nxa4 Rxa4 25. Rxa4 Nxa4 26. Ra1 Nb6 27. Ra7 Rb8 28. Nb5 Nd5 29. Ba5 c5 30. Nxd6 b6 31. Bd2 b5 32. Ra5 Nc7 33. Bf4 c4 34. h3 h6 35. Nxc4 bxc4 36. Bxc7 Rb1+ 37. Kh2 c3 38. Rc5 Rc1 39. Kg3 c2 40. Bf4 Rd1 41. Rxc2 Rd3+ 42. Kf2 Kf7 43. Be3 Ke6 44. Re2 Kf5 45. g4+ Ke4 46. Bxh6+ Kd5 47. Bxg7 Rxh3 48. Bxf6 Rh2+ 49. Kf3 Rxe2 50. Kxe2 Ke4 51. Kf2 1/2-1/2

[Event "AUT-ch U12 Girls"]
[Site "Deutschlandsberg"]
[Date "2006.??.??"]
[Round "1"]
[White "Kessler, Michaela"]
[Black "Teufl, Franziska"]
[Result "1-0"]
[WhiteElo "1523"]
[BlackElo "1308"]
[PlyCount "35"]
[EventDate "2006.06.??"]
[EventType "swiss"]
[EventRounds "7"]
[EventCountry "AUT"]
[SourceTitle "EXT 2009"]
[Source "ChessBase"]
[SourceDate "2008.11.26"]
[SourceVersion "1"]
[SourceVersionDate "2008.11.26"]
[SourceQuality "1"]

1. e4 e5 2. Nf3 Nc6 3. d4 exd4 4. Nxd4 Nxd4 5. Qxd4 Nf6 6. e5 Ng8 7. Bc4 Be7 8. 0-0 c6 9. Re1 d5 10. exd6 Bf5 11. Qxg7 Qxd6 12. Qxf7+ Kd7 13. Qxf5+ Kc7 14. Bf4 Qxf4 15. Qxf4+ Kc8 16. Bxg8 Rxg8 17. Rxe7 Kd8 18. Qc7# 1-0

[Event "AUT-ch U12 Girls"]
[Site "Deutschlandsberg"]
[Date "2006.??.??"]
[Round "4"]
[White "Teufl, Franziska"]
[Black "Plessl, Ursula"]
[Result "1/2-1/2"]
[WhiteElo "1308"]
[BlackElo "1200"]
[PlyCount "47"]
[EventDate "2006.06.??"]
[EventType "swiss"]
[EventRounds "7"]
[EventCountry "AUT"]
[SourceTitle "EXT 2009"]
[Source "ChessBase"]
[SourceDate "2008.11.26"]
[SourceVersion "1"]
[SourceVersionDate "2008.11.26"]
[SourceQuality "1"]

1. e4 e5 2. Nf3 Nc6 3. Bc4 Bc5 4. Nc3 Nf6 5. d3 Ng4 6. 0-0 0-0 7. Qe2 Qf6 8. Be3 Nd4 9. Bxd4 Bxd4 10. Nxd4 exd4 11. Nd5 Qh4 12. h3 Ne5 13. Bb3 c6 14. Nb4 d6 15. a4 Qg5 16. Kh1 Qh4 17. f4 Ng4 18. Kg1 Re8 19. hxg4 Bxg4 20. Qd2 d5 21. e5 f6 22. Rfe1 fxe5 23. fxe5 Re6 24. Rf1 1/2-1/2

[Event "AUT-ch U10 Girls"]
[Site "Vienna"]
[Date "2005.05.28"]
[Round "4.3"]
[White "Teufl, Franziska"]
[Black "Sedlmayr, Nina"]
[Result "1-0"]
[WhiteElo "1200"]
[BlackElo "1258"]
[PlyCount "49"]
[EventDate "2005.05.27"]
[EventType "swiss"]
[EventRounds "7"]
[EventCountry "AUT"]
[SourceTitle "EXT 2024"]
[Source "ChessBase"]
[SourceDate "2023.10.10"]
[SourceVersion "1"]
[SourceVersionDate "2023.10.10"]
[SourceQuality "1"]

1. e4 e5 2. Nf3 Nc6 3. Bc4 Bc5 4. Nc3 d6 5. d3 Bg4 6. h3 Bh5 7. Be3 Bxe3 8. fxe3 Nf6 9. 0-0 0-0 10. Qe2 h6 11. Qf2 Bxf3 12. Qxf3 a6 13. a3 b5 14. Ba2 d5 15. exd5 Qd7 16. dxc6 Qd8 17. Qf5 g6 18. Qxe5 Re8 19. Qg3 Rb8 20. Qh4 g5 21. Qxh6 Re6 22. Bxe6 fxe6 23. Rxf6 a5 24. Qxg5+ Kh8 25. Rh6# 1-0

[Event "AUT-ch U10 Girls"]
[Site "Vienna"]
[Date "2005.05.27"]
[Round "2.4"]
[White "Bauer, Valentina"]
[Black "Teufl, Franziska"]
[Result "0-1"]
[WhiteElo "1382"]
[BlackElo "1200"]
[PlyCount "72"]
[EventDate "2005.05.27"]
[EventType "swiss"]
[EventRounds "7"]
[EventCountry "AUT"]
[SourceTitle "EXT 2024"]
[Source "ChessBase"]
[SourceDate "2023.10.10"]
[SourceVersion "1"]
[SourceVersionDate "2023.10.10"]
[SourceQuality "1"]

1. e4 e5 2. Nf3 Nc6 3. Bc4 Bc5 4. Nc3 Nf6 5. d3 d6 6. h3 h6 7. Be3 Bxe3 8. fxe3 Be6 9. Bxe6 fxe6 10. Qe2 0-0 11. 0-0 Qe7 12. a3 Rae8 13. b4 a6 14. d4 exd4 15. exd4 b5 16. Rfd1 Nh5 17. Nh2 Qg5 18. Qg4 Qe3+ 19. Kh1 Ng3+ 20. Qxg3 Qxg3 21. Ne2 Qg5 22. Rf1 Rxf1+ 23. Rxf1 d5 24. e5 Ne7 25. c3 Nf5 26. Ng4 Nh4 27. Rd1 Rf8 28. g3 Nf3 29. Kg2 Nd2 30. Nf2 h5 31. h4 Qf5 32. Nf4 Ne4 33. Nxe4 Qxe4+ 34. Kh3 Qf3 35. Nxe6 Qxd1 36. Nxf8 Qh1# 0-1